| 000 | 00638nam a22001937a 4500 | ||
|---|---|---|---|
| 999 |
_c169640 _d169640 |
||
| 005 | 20191127152430.0 | ||
| 010 | _aUR-10632 | ||
| 020 |
_c150.00 _a9789388736718 |
||
| 035 | _aU-9187 | ||
| 037 |
_bDBAD/PUB _a- |
||
| 082 | _a841 | ||
| 100 | _aمحمو د بھا ر تی | ||
| 245 |
_aآ ج کا مسلما ن _cمحمو د بھا ر تی |
||
| 246 |
_bAaj Ka Musalman (Urdu) _aby Mehmood Bharti |
||
| 260 |
_aDelhi _bEducational Publishing House _c2019 ء |
||
| 270 |
_a3191,Vakil Street, Kucha Pandit,Lal Kuan, _bDelhi _e110006 _k01123216162 _l- |
||
| 300 |
_a120 ص _c22 Cm(Hb) |
||
| 942 |
_2ddc _cUR _h841 _mم ح م |
||